Cycladic, Minoan and Mycenaean Sites - Map Quiz - Statistics

General Stats
  • This quiz has been taken 67 times
  • The average score is 9 of 31
Answers on the Map
Answers color-coded by a green-red scale on the quiz's map according to % correct below.
 
Answer Stats
Answer % Correct
Athens
74%
Knossos
62%
Mycenae
56%
Delphi
50%
Pylos
44%
Thebes
44%
Naxos
42%
Tiryns
34%
Phaistos
32%
Akrotiri
30%
Iolcus
30%
Kydonia
30%
Malia
30%
Gla
28%
Menelaion
26%
Orchomenus
26%
Zakros
26%
Ephyra
22%
Gournia
20%
Aigeira
18%
Kastri
18%
Brauron
16%
Eutresis
16%
Phylakopi
16%
Thermos
16%
Skarkos
14%
Midea
12%
Saliagos
12%
Chalandriani
10%
Daskalio
8%
Galatas
6%
No matching quizzes found
Score Distribution
Percent of People with Each Score
Percentile by Number Answered
Your Score History
You have not taken this quiz